Μέθοδοι τιμολόγησης συμπληρωματικών καλύψεων (riders) ασφαλιστηρίων συμβολαίων ζωής : μεταπτυχιακή διατριβή
Τιμολόγηση συμπληρωματικών καλύψεων ζωής με τη χρήση στατιστικών και αναλογιστικών μεθόδων σε πραγματικά δεδομένα.
Αποθηκεύτηκε σε:
| Κύριος συγγραφέας: | |
|---|---|
| Συγγραφή απο Οργανισμό/Αρχή: | |
| Μορφή: | Thesis Βιβλίο |
| Γλώσσα: | Greek |
| Δημοσίευση: |
2008.
|
| Θέματα: | |
| Διαθέσιμο Online: | http://hdl.handle.net/11610/15538 |
| Ετικέτες: |
Προσθήκη ετικέτας
Δεν υπάρχουν, Καταχωρήστε ετικέτα πρώτοι!
|
MARC
| LEADER | 00000cam a2200000 i 4500 | ||
|---|---|---|---|
| 001 | 1/102897 | ||
| 008 | 090317s2008 gr | ||| |||| ||gre|| | ||
| 035 | |l 10103839 | ||
| 040 | |a GR-MyUA |b gre |e AACR2 | ||
| 041 | 0 | |a gre | |
| 082 | 0 | |a 368.32 |2 (22) | |
| 100 | 1 | |a Περέντη, Ιωάννα. | |
| 245 | 1 | 0 | |a Μέθοδοι τιμολόγησης συμπληρωματικών καλύψεων (riders) ασφαλιστηρίων συμβολαίων ζωής : |b μεταπτυχιακή διατριβή / |c της Ιωάννας Περέντη ; επιβλέπων καθηγητής, Δημήτριος Κωνσταντινίδης. |
| 260 | |c 2008. | ||
| 300 | |a 120 σ. : |b πιν. ; |c 30 εκ. | ||
| 500 | |a Μέλη της εξεταστικής επιτροπής: Κωνσταντινίδης Δημήτριος, Χατζόπουλος Πέτρος, Παπαροδόπουλος Νικόλαος. | ||
| 502 | |a Διατριβή (μεταπτυχιακή) – Πανεπιστήμιο Αιγαίου, Σάμος, 2008. | ||
| 504 | |a Βιβλιογραφία: σ. 120. | ||
| 506 | 1 | |a Διάθεση πλήρους κειμένου ; |d Ενδοπανεπιστημιακή δημοσίευση. | |
| 520 | |a Τιμολόγηση συμπληρωματικών καλύψεων ζωής με τη χρήση στατιστικών και αναλογιστικών μεθόδων σε πραγματικά δεδομένα. | ||
| 540 | |a Κλειδωμένη η δυνατότητα αντιγραφής (copy) του κειμένου. | ||
| 610 | 2 | 0 | |a University of the Aegean |x Dissertations. |
| 650 | 0 | 0 | |a Life insurance. |
| 650 | 0 | 0 | |a Linear models (Statistics) |
| 650 | 0 | 0 | |a Dissertations, Academic |z Greece. |
| 700 | 1 | |a Κωνσταντινίδης, Δημήτριος Γ. |e dgs | |
| 710 | 2 | |a Πανεπιστήμιο Αιγαίου. |b Σχολή Θετικών Επιστημών. |b Τμήμα Στατιστικής και Αναλογιστικών-Χρηματοοικονομικών Μαθηματικών. |b Μεταπτυχιακό Πρόγραμμα Στατιστική και Αναλογιστικά - Χρηματοοικονομικά Μαθηματικά. | |
| 852 | |a INST |b SAMOS |c DIATR |e 20090317 |h 368.32 ΠΕΡ |p 005300029088 |q 005300029088 |t MTXE |y 23 | ||
| 852 | |a INST |b SAMOS |c DIATR |e 20090317 |h 368.32 ΠΕΡ |p 005300029089 |q 005300029089 |t MTXE |y 23 | ||
| 856 | |u http://hdl.handle.net/11610/15538 | ||
| 901 | |a BIBL3-2009-1 | ||
| 909 | |a Σ |b 155873 | ||
| 909 | |a Σ |b 155874 | ||
| 924 | |a ΠΕΡΕΝΤΗ |b ΙΩΑΝΝΑ |y Σάμος |z 2008-10 | ||
| 970 | |a ΚΟΣΙΕΡΗΣ |b ΧΡΗΣΤΟΣ |z 2009/03/17 | ||